| 000 | 00000nam##2200000za#4500 |
| 001 | 9.570909 |
| 003 | CaOODSP |
| 005 | 20210624182452 |
| 007 | cr ||||||||||| |
| 008 | 150406|2005||||xxc|||||o f|0| 0 eng|d |
| 040 | |aCaOODSP|beng |
| 043 | |an-cn--- |
| 086 | 1 |aYC26-0/381-8E-PDF |
| 110 | 1 |aCanada. |bParliament. |bSenate. |bStanding Committee on Energy, the Environment and Natural Resources. |
| 245 | 10|aSustainable development : |h[electronic resource]|bIt's time to walk the talk / |cThe Honourable Tommy Banks, chair; the Honourable Ethel Cochrane, deputy chair. |
| 246 | 3 |aSecond interim report of the Standing Senate Committee on Energy, the Environment and Natural Resources |
| 260 | |aOttawa - Ontario : |bSenate. |cJune 2005. |
| 300 | |a19p.|breferences |
| 490 | 1 |aReport of the Standing Senate Committee on Energy, the Environment and Natural Resources|v[38th Parliament, 1st Session, 8th report] |
| 590 | |a11-12-Supp|b2011-07-29 |
| 775 | 08|tDéveloppement durable : |w(CaOODSP)9.601553 |
| 830 | #0|aReport of the Standing Senate Committee on Energy, the Environment and Natural Resources ;|v[38th Parliament, 1st Session, 8th report]|w(CaOODSP)9.506409 |
| 856 | 40|ahttp://publications.gc.ca|qPDF|s170 KB|uhttps://publications.gc.ca/collections/collection_2011/sen/yc26-0/YC26-0-381-8-eng.pdf|y[38th Parliament, 1st Session, 8th report] |